Statistiques concernant Départements de la ligne Maginot sur une carte

Cliquez ici pour prendre le quiz!

Statistiques générales

  • Ce quiz a été pris 604 fois
  • Le résultat moyen est 12 sur 16

Réponses sur la Carte

Les réponses sont colorées sur une échelle allant du rouge au vert en fonction du pourcentage des utilisateurs qui les ont devinées à leur premier essai. Vous pouvez retrouver ces pourcentages ci-dessous.
 

Statistiques - réponses

Départements% Correct
Bas-Rhin
95%
Haut-Rhin
94%
Moselle
94%
Nord
92%
Ardennes
89%
Meurthe-et-Moselle
85%
Meuse
80%
Territoire-de-Belfort
79%
Savoie
78%
Doubs
75%
Alpes-Maritimes
74%
Aisne
73%
Hautes-Alpes
69%
Alpes-de-Haute-Provence
66%
Corse-du-Sud
42%
Haute-Corse
42%

Distribution des résultats

Percentile par nombre de réponses

% des personnes avec chaque résultat

Votre développement - résultats

Vous n’avez pas pris ce quiz